Statistics for 江苏省下辖县级行政区地图 County-level administrative divisions of Jiangsu

Click here to take the quiz!

General Stats

  • This quiz has been taken 194 times
  • The average score is 69 of 95

Answers on the Map

Answers color-coded by a green-red scale on the quiz's map according to % correct below.
 

Answer Stats

县级类地名% Correct
县级市张家港市
91%
县级市昆山市
90%
市辖区雨花台区
90%
县级市常熟市
90%
县级市启东市
89%
县级市江阴市
88%
市辖区江宁区
87%
市辖区鼓楼区
87%
市辖区鼓楼区
87%
县级市太仓市
86%
市辖区姑苏区
83%
市辖区六合区
83%
市辖区高淳区
83%
县级市扬中市
83%
县级市高邮市
83%
市辖区溧水区
82%
县级市宜兴市
82%
市辖区玄武区
82%
市辖区浦口区
82%
沛县
82%
县级市句容市
81%
市辖区秦淮区
81%
县级市如皋市
81%
县级市溧阳市
81%
市辖区通州区
81%
县级市丹阳市
81%
市辖区海门区
80%
丰县
79%
市辖区吴中区
79%
市辖区建邺区
78%
市辖区虎丘区
78%
市辖区武进区
78%
县级市泰兴市
78%
如东县
78%
市辖区吴江区
77%
市辖区连云区
77%
市辖区大丰区
77%
市辖区相城区
77%
市辖区栖霞区
76%
市辖区淮阴区
76%
市辖区锡山区
74%
县级市仪征市
73%
市辖区金坛区
73%
灌云县
72%
市辖区铜山区
72%
灌南县
72%
市辖区新北区
71%
县级市海安市
70%
县级市兴化市
70%
市辖区淮安区
70%
县级市新沂市
70%
盱眙县
70%
市辖区赣榆区
70%
市辖区惠山区
70%
县级市靖江市
70%
市辖区邗江区
69%
市辖区江都区
69%
市辖区滨湖区
69%
泗洪县
69%
泗阳县
68%
县级市东台市
68%
市辖区海州区
68%
市辖区京口区
67%
市辖区丹徒区
67%
宝应县
66%
县级市邳州市
66%
市辖区钟楼区
66%
市辖区广陵区
65%
滨海县
65%
市辖区盐都区
65%
市辖区梁溪区
65%
沭阳县
65%
市辖区新吴区
65%
市辖区清江浦区
64%
市辖区天宁区
64%
市辖区姜堰区
63%
东海县
63%
市辖区宿城区
63%
市辖区云龙区
63%
射阳县
63%
市辖区崇川区
62%
响水县
62%
市辖区贾汪区
60%
建湖县
60%
市辖区润州区
59%
市辖区洪泽区
59%
涟水县
59%
金湖县
59%
市辖区宿豫区
59%
市辖区亭湖区
57%
睢宁县
57%
市辖区海陵区
57%
市辖区高港区
57%
阜宁县
56%
市辖区泉山区
51%

Score Distribution

Percentile by Number Answered

Percent of People with Each Score

Your Score History

You have not taken this quiz